000 00758nam a22002537a 4500
001 000429
003 DO-SdBNP
005 20240131092015.0
007 000429
008 160801b2002 pr ||| 00| 0 spa d
040 _aBPMSU
_bspa
_cBPMSU
082 4 _aPR863.44
_bS237b 2002
_222
092 _axxxxxx
_bxxxxxx
100 1 _aSantos Silva, Loreina
_d1933-
245 1 3 _aLa bestia /
_cLoreina Santos Silva
246 1 4 _aLa bestia :
_bcrueldad mental y violencia doméstica.
260 _aMayagüez, P. R. :
_bAntillean Press,
_c2002.
300 _aix, 159 p. ;
_c21 cm.
590 _aInventariado, 2024/VM
650 4 _aNovela puertorriqueña
_4
650 4 _aViolencia familiar
_vNovela
910 _aVMateo V. Control de calidad. BPMSU
942 _2ddc
_cBK
999 _c11060
_d11060